00701nam a2200205Ia 4500008004100000020001500041082001600056100001300072245004900085250000800134260002900142300001100171500002400182650001500206700001600221942000700237952012900244952010500373999001700478230524s9999 xx 000 0 und d a8121918081 a658.13bNAI aN.G.Nair 0aPersonal Management and Industrial Relations aIST aNEW DELHIbS.Chandc2004 aIX;536 aQuantity Number: 2 aManagement a Latha Nair cBK 00104070aTATCLbTATCLcGENd2023-05-24l1o658.13 NAIp29309q2018-05-09r2024-02-01s2024-02-01w2023-05-24yBKzMBA307B 00104070aTATCLbTATCLcGENd2023-05-24l0o658.13 NAIp29310r2023-05-24w2023-05-24yBKzMBA307B c42374d42374